70s Songs By Lyric - Statistics

General Stats
  • This quiz has been taken 189 times
  • The average score is 8 of 15
Answer Stats
hint Answer % Correct
mama, just killed a man Bohemian Rhapsody
91%
something touched me deep inside the day the music died American Pie
84%
ABC, one, two, three baby you and me girl ABC
77%
in my hour of darkness she is speaking words of wisdom Let It Be
77%
Well we're all in the mood for a melody and you got us feeling alright Piano Man
66%
Feel the beat from the tambourine, oh yeah Dancing Queen
52%
it's easy if you try Imagine
50%
Nobody knows it but right from the start, I gave you my heart Don't Go Breaking my Heart
47%
I'm floating around in ecstasy Don't Stop Me Now
44%
I am woman hear me roar I Am Woman
34%
We come from the land of the ice and snow From the midnight sun where the hot springs flow Immigrant Song
34%
I, I will be king and you, you will be queen Heroes
32%
Hey ho, let's go Blitzkrieg Bop
30%
I lean back on my Radio,oh,oh,oh Starman
21%
See don't ever set me free, I always wanna be by your side You Really Got Me
15%
No matching quizzes found
Score Distribution
Percent of People with Each Score
Percentile by Number Answered
Your Score History
You have not taken this quiz